Mathematical methods for digital computers /

Guardado en:
Otros Autores: Ralston, Anthony. (Editor ), Wilf, Herbert S., 1931- (Editor ), Enslein, Kurt. (Editor )
Formato: Libro
Idioma:English
Publicado: New York : Wiley, c1960-c1977.
Materias:
Etiquetas: Agregar Etiqueta
Sin Etiquetas, Sea el primero en etiquetar este registro!
LEADER 01065cam a22002775a 4500
001 MAT.inmabb005242
008 730213m19601977nyua#####b####001#0#eng##
005 20160601170631.0
245 0 0 |a Mathematical methods for digital computers /  |c edited by Anthony Ralston, Herbert S. Wilf. 
260 |a New York :  |b Wiley,  |c c1960-c1977. 
300 |a 3 v. :  |b il. ;  |c 27 cm. 
500 |a Vol. 3 tiene además un título especial: Statistical methods for digital computers. 
500 |a Vol. 3: Edited by Kurt Enslein, A. Ralston, H. S. Wilf. 
504 |a Incluye referencias bibliográficas. 
500 |a La biblioteca sólo posee el vol. 3.  |5 AR-BbIMB 
510 4 |a MR,  |c 55 #6625  |3 (v. 3) 
020 |a 0471706906 (v. 3) 
700 1 |a Ralston, Anthony.  |4 edt 
700 1 |a Wilf, Herbert S.,  |d 1931-  |4 edt 
700 1 |a Enslein, Kurt.  |4 edt 
740 0 2 |a Statistical methods for digital computers. 
650 0 |a Mathematics  |x Data processing. 
084 |a 62-04  |2 msc2000 
010 |a  60006509  
040 |a DLC  |c DLC  |d DLC 
859 |h 62  |i M426  |p A-4942  |3 Vol. 3  |b BIB. MATEMATICA